Le Crémant de Bourgogne, deux siècles d’effervescence. Sous la direction de Jean-François Bazin. Dunod 2015, 240 p., 27€ (notice n° 1626283)
[ vue normale ]
| 000 -LEADER | |
|---|---|
| fixed length control field | 00544cam a2200145 4500500 |
| 005 - DATE AND TIME OF LATEST TRANSACTION | |
| control field | 20260111093417.0 |
| 041 ## - LANGUAGE CODE | |
| Language code of text/sound track or separate title | fre |
| 042 ## - AUTHENTICATION CODE | |
| Authentication code | dc |
| 100 10 - MAIN ENTRY--PERSONAL NAME | |
| Personal name | Miossec, Alain |
| Relator term | author |
| 245 00 - TITLE STATEMENT | |
| Title | Le Crémant de Bourgogne, deux siècles d’effervescence. Sous la direction de Jean-François Bazin. Dunod 2015, 240 p., 27€ |
| 260 ## - PUBLICATION, DISTRIBUTION, ETC. | |
| Date of publication, distribution, etc. | 2016.<br/> |
| 500 ## - GENERAL NOTE | |
| General note | 74 |
| 786 0# - DATA SOURCE ENTRY | |
| Note | La Géographie | 1561 | 2 | 2016-04-01 | p. 54i-59i | 1964-9002 |
| 856 41 - ELECTRONIC LOCATION AND ACCESS | |
| Uniform Resource Identifier | <a href="https://shs.cairn.info/revue-la-geographie-2016-2-page-54i?lang=fr&redirect-ssocas=7080">https://shs.cairn.info/revue-la-geographie-2016-2-page-54i?lang=fr&redirect-ssocas=7080</a> |
Pas d'exemplaire disponible.




Réseaux sociaux